Geography Quiz

Random Geography or Asia Quiz
Score 0/22 Timer 04:00
2 Plays Today
Country % Correct
China
96.9%
Laos
87.6%
Iran
87.5%
Iraq
87.4%
Vietnam
87.3%
Israel
83.4%
Nepal
83.2%
Oman
82.6%
Russia
81.1%
Jordan
79.4%
Turkey
78.2%
Country % Correct
Syria
76.9%
Bhutan
76.3%
Kuwait
73.7%
Uzbekistan
73.3%
Turkmenistan
71.3%
Singapore
70.3%
Brunei
65.8%
Lebanon
64.7%
Georgia
61.2%
Maldives
55.9%
Kyrgyzstan
45.4%
Remove Ads.
Support Sporcle.
Get the best of Sporcle when you Go Orange. This ad-free experience offers more features, more stats, and more fun while also helping to support Sporcle. Thank you for becoming a member.

You're not logged in!

Compare scores with friends on all Sporcle quizzes.
OR
Log In

Show Comments

Extras

Top Quizzes Today


Score Distribution

Your Account Isn't Verified!

In order to create a playlist on Sporcle, you need to verify the email address you used during registration. Go to your Sporcle Settings to finish the process.

Report this User

Report this user for behavior that violates our Community Guidelines.

Details: